<?xml version="1.0" encoding="UTF-8"?>
<record
    xmlns:xsi="http://www.w3.org/2001/XMLSchema-instance"
    xsi:schemaLocation="http://www.loc.gov/MARC21/slim http://www.loc.gov/standards/marcxml/schema/MARC21slim.xsd"
    xmlns="http://www.loc.gov/MARC21/slim">

  <leader>00744na  a2200253   4500</leader>
  <controlfield tag="001">19365</controlfield>
  <controlfield tag="003">MIRAKIL</controlfield>
  <controlfield tag="005">20181213154757.0</controlfield>
  <controlfield tag="008">161214b        tu            000 0      </controlfield>
  <datafield tag="020" ind1=" " ind2=" ">
    <subfield code="a">9789750080722</subfield>
  </datafield>
  <datafield tag="040" ind1=" " ind2=" ">
    <subfield code="a">Milas</subfield>
    <subfield code="b">tur</subfield>
    <subfield code="c">TR-AnCHP</subfield>
  </datafield>
  <datafield tag="041" ind1=" " ind2=" ">
    <subfield code="a">tur</subfield>
  </datafield>
  <datafield tag="082" ind1=" " ind2=" ">
    <subfield code="a">341.0265</subfield>
    <subfield code="b">&#xD6;91t 2010</subfield>
  </datafield>
  <datafield tag="090" ind1=" " ind2=" ">
    <subfield code="a">341.0265 &#xD6;91t 2010</subfield>
  </datafield>
  <datafield tag="100" ind1=" " ind2=" ">
    <subfield code="a">&#xD6;zbay, Turgut</subfield>
  </datafield>
  <datafield tag="245" ind1=" " ind2=" ">
    <subfield code="a">T.C. devleti'nin anayasa's&#x131; Sevr'in mi, Lozan'&#x131;n m&#x131; ruhunu ta&#x15F;&#x131;yacakt&#x131;r?</subfield>
    <subfield code="c">Turgut &#xD6;zbay</subfield>
  </datafield>
  <datafield tag="260" ind1=" " ind2=" ">
    <subfield code="a">Ankara</subfield>
    <subfield code="b">[yayl.y.]</subfield>
    <subfield code="c">2010</subfield>
    <subfield code="f">G&#xF6;lge Ofset</subfield>
  </datafield>
  <datafield tag="300" ind1=" " ind2=" ">
    <subfield code="a">iv, 90 s.</subfield>
    <subfield code="c">20 sm.</subfield>
  </datafield>
  <datafield tag="504" ind1=" " ind2=" ">
    <subfield code="a">Kaynak&#xE7;a var.</subfield>
  </datafield>
  <datafield tag="650" ind1=" " ind2=" ">
    <subfield code="a">Sevr Antla&#x15F;mas&#x131;, 1920</subfield>
    <subfield code="x">Tarih</subfield>
  </datafield>
  <datafield tag="650" ind1=" " ind2=" ">
    <subfield code="a">Lozan Bar&#x131;&#x15F; Antla&#x15F;mas&#x131;</subfield>
    <subfield code="x">Tarih</subfield>
  </datafield>
  <datafield tag="650" ind1=" " ind2=" ">
    <subfield code="a">Anayasa</subfield>
    <subfield code="x">Tarih</subfield>
  </datafield>
  <datafield tag="942" ind1=" " ind2=" ">
    <subfield code="2">dcc</subfield>
    <subfield code="c">BKS</subfield>
  </datafield>
  <datafield tag="952" ind1=" " ind2=" ">
    <subfield code="a">0001</subfield>
    <subfield code="b">0001</subfield>
    <subfield code="d">2016-12-14</subfield>
    <subfield code="e">2</subfield>
    <subfield code="l">0</subfield>
    <subfield code="o">341.0265 &#xD6;91t 2010</subfield>
    <subfield code="p">011555</subfield>
    <subfield code="r">2016-12-14 00:00:00</subfield>
    <subfield code="v">0.00</subfield>
    <subfield code="w">2016-12-14</subfield>
    <subfield code="y">BKS</subfield>
  </datafield>
  <datafield tag="952" ind1=" " ind2=" ">
    <subfield code="a">0001</subfield>
    <subfield code="b">0001</subfield>
    <subfield code="d">2017-01-20</subfield>
    <subfield code="e">2</subfield>
    <subfield code="l">0</subfield>
    <subfield code="o">341.0265 &#xD6;91t 2010</subfield>
    <subfield code="p">012567</subfield>
    <subfield code="r">2017-01-20 00:00:00</subfield>
    <subfield code="t">k.2</subfield>
    <subfield code="v">0.00</subfield>
    <subfield code="w">2017-01-20</subfield>
    <subfield code="y">BKS</subfield>
  </datafield>
  <datafield tag="999" ind1=" " ind2=" ">
    <subfield code="c">682</subfield>
    <subfield code="d">682</subfield>
  </datafield>
</record>
